| 000 | 00491nam a2200145 a 4500 | ||
|---|---|---|---|
| 001 | 000039543 | ||
| 005 | 20201002031709.0 | ||
| 008 | 130705s2004 dr 000 0 spa d | ||
| 040 |
_aDO-SdBNP _bspa _cBNPHU |
||
| 082 |
_axxx _bP376f |
||
| 100 | 1 |
_aPeguero Calderon Vda. Michel, Celia _965710 |
|
| 245 | 1 | 0 |
_aFidelidad : _b(poesías completas) / _cCelia Peguero Calderón Vda. Michel. |
| 260 |
_aCiudad Trujillo, República Dominicana : _bArte y cine, _c[194u]. |
||
| 300 |
_a38 p. : _bil. ; _c24 cm. |
||
| 999 |
_c39033 _d39033 |
||